El don de la sexualidad /

Obra de educación sexual dirigida a los adolescentes y sus padres. En ella, se aborda la sexualidad con una perspectiva religiosa a la vez que psicológica y social. La intención del autor es acercar a los jóvenes a explorar su propia sexualidad con respecto, cariño y naturalidad, con una visión abie...

Szczegółowa specyfikacja

Zapisane w:
Opis bibliograficzny
1. autor: Valdez Castellanos, Luis (autor)
Format: Książka
Język:hiszpański
Wydane: México : Buena Prensa, 2006, c2006
Wydanie:6a edición
Hasła przedmiotowe:
Etykiety: Dodaj etykietę
Nie ma etykietki, Dołącz pierwszą etykiete!

MARC

LEADER 00000nam^a2200000^a^4500
001 000271758
005 20250521000000.0
009 20260310111038.512
020 |a 970-693-113-9 
037 |a Acervo ITESO - Biblioteca 
041 |a ESP 
082 |a 370. 11  |b VAL 
100 |a Valdez Castellanos, Luis  |e (autor) 
245 1 3 |a El don de la sexualidad /  |c L. Valdez Castellanos. 
250 |a 6a edición 
264 4 |a México :  |b Buena Prensa,  |c 2006, c2006 
300 |a 183 p. 
336 |a texto  |b txt  |2 rdacontenido 
337 |a sin mediación  |b n  |2 rdamedio 
338 |a volumen  |b nc  |2 rdasoporte 
520 |a Obra de educación sexual dirigida a los adolescentes y sus padres. En ella, se aborda la sexualidad con una perspectiva religiosa a la vez que psicológica y social. La intención del autor es acercar a los jóvenes a explorar su propia sexualidad con respecto, cariño y naturalidad, con una visión abierta y libre; y, de ser necesario, considera que también los adultos que los guían tengan este mismo tipo de acercamiento, para que no les produzca problemas hablar del tema con los jóvenes. 
649 |a XX 
650 |a Adolescentes 
650 |a Autoestima 
650 |a Identidad de Género 
650 |a Roles de Género 
650 |a Comunicación Personal 
650 |a Educación Sexual -  |x Tema Principal 
650 |a Sexualidad -  |x Aspectos Sociales y Culturales 
650 |a Sexualidad -  |x Aspectos Psicológicos 
650 |a Psicología 
910 |a Fondo General 
920 |a Impresos - Libros 
930 |a Colección General 
905 |a 101 
901 |a 0500157511  |b IT1  |c ACC  |u 20250521 
902 |a https://opac.biblio.iteso.mx/vufind/Record/000271758